| 000 | 00512nam a2200169 i 4500 | ||
|---|---|---|---|
| 001 | 100187 | ||
| 003 | ES-MaACL | ||
| 005 | 20230906182625.0 | ||
| 007 | t| | ||
| 008 | 050922s1907 sp ||||1| spa d | ||
| 100 | 1 |
_aMartÃnez y Roig, Isidoro. _978485 |
|
| 245 | 1 | 3 |
_aLa ozonoterapia en la Coqueluche _b: Tesis Doctoral / _cIsidoro MartÃnez y Roig. |
| 260 |
_aBarcelona : _b[s.n.], _c1907 ( _fTip. S. Asmarats) |
||
| 502 | _aTesis Doctoral. | ||
| 650 | 4 |
_aTosferina. _9139259 |
|
| 852 |
_aES-MaACL _jT-1131-F-5 |
||
| 999 |
_c100187 _d100187 |
||